000 00592nam a22002057a 4500
999 _c10670
_d10670
003 AR-CdUCM
008 190401b ||||| |||| 00| 0 spa d
040 _aMUNICIPALIDAD PROVINCIAL DEL CUSCO
_cBIBLIOTECA MUNICIPAL DEL CUSCO
082 _a848.72 /
_bL21M / 1943
100 _aLamartine, Alfonso de
_927644
245 _aEl manuscrito de mi madre /
260 _aBuenos Aires :
_bInca,
_c1943.
300 _a207 páginas ;
_c18 cm.
505 _aContenido: Novela.
650 _aLiteratura
_983
650 _aNovela
_95
650 _aSiglo XX
_98
942 _2ddc
_cLIBROS
945 _aachl